[Event "Dortmund Sparkassen op-B"]
[Site "Dortmund"]
[Date "2013.07.30"]
[Round "4"]
[White "Schwerdtfeger, Lukas"]
[Black "Gegner, Michael"]
[Result "0-1"]
[WhiteElo "1352"]
[BlackElo "1527"]
[PlyCount "58"]
[EventDate "2013.07.27"]
[EventType "swiss"]
[EventRounds "9"]
[EventCountry "GER"]
[SourceTitle "EXT 2022"]
[Source "ChessBase"]
[SourceDate "2021.10.06"]
[SourceVersion "1"]
[SourceVersionDate "2021.10.06"]
[SourceQuality "1"]

1. e4 e5 2. d4 Nc6 3. Nf3 d6 4. dxe5 Bg4 5. exd6 Bxd6 6. Bb5 Qe7 7. Qd3 0-0-0 8. Qe2 Nd4 9. Qc4 Qxe4+ 10. Be3 Nxc2+ 11. Kf1 Qxc4+ 12. Bxc4 Nxa1 13. Ng5 Bf4 14. f3 Bxg5 15. Bxg5 Rd1+ 16. Kf2 Rxh1 17. Bf1 Rxf1+ 18. Kxf1 Bf5 19. Nc3 Nc2 20. g4 Bd3+ 21. Kf2 f6 22. Bf4 Ne7 23. a3 Re8 24. Kg3 g5 25. Bd2 h6 26. f4 Nd4 27. fxg5 fxg5 28. h4 gxh4+ 29. Kxh4 Nf3+ 0-1

[Event "Dortmund Sparkassen op-B"]
[Site "Dortmund"]
[Date "2013.07.28"]
[Round "2"]
[White "Schwerdtfeger, Lukas"]
[Black "Schlepuetz, Volker"]
[Result "0-1"]
[WhiteElo "1352"]
[BlackElo "1437"]
[PlyCount "62"]
[EventDate "2013.07.27"]
[EventType "swiss"]
[EventRounds "9"]
[EventCountry "GER"]
[SourceTitle "EXT 2022"]
[Source "ChessBase"]
[SourceDate "2021.10.06"]
[SourceVersion "1"]
[SourceVersionDate "2021.10.06"]
[SourceQuality "1"]

1. e4 e6 2. d4 d5 3. e5 c5 4. c3 Nc6 5. Nf3 Qb6 6. Be2 cxd4 7. cxd4 Nh6 8. Bd3 Nf5 9. Bxf5 exf5 10. 0-0 Be6 11. b3 Be7 12. Re1 Rc8 13. Bg5 Bb4 14. Re2 h6 15. Be3 g5 16. Qd3 Be7 17. Nc3 Nb4 18. Qb5+ Qxb5 19. Nxb5 a6 20. Na3 f4 21. Bc1 Bf5 22. Ne1 Kd7 23. Bb2 Ke6 24. f3 Rc7 25. g3 fxg3 26. hxg3 g4 27. fxg4 Bxg4 28. Rf2 Bg5 29. Nac2 Nxc2 30. Nxc2 Rhc8 31. Kf1 Rxc2 0-1

[Event "Dortmund Sparkassen op-B"]
[Site "Dortmund"]
[Date "2013.07.27"]
[Round "1"]
[White "Barth, Hans Joachim"]
[Black "Schwerdtfeger, Lukas"]
[Result "1-0"]
[WhiteElo "1877"]
[BlackElo "1352"]
[PlyCount "47"]
[EventDate "2013.07.27"]
[EventType "swiss"]
[EventRounds "9"]
[EventCountry "GER"]
[SourceTitle "EXT 2022"]
[Source "ChessBase"]
[SourceDate "2021.10.06"]
[SourceVersion "1"]
[SourceVersionDate "2021.10.06"]
[SourceQuality "1"]

1. e4 e5 2. Nf3 Nc6 3. Bb5 Bc5 4. c3 d6 5. d4 Bb6 6. d5 a6 7. Ba4 Bd7 8. dxc6 Bxc6 9. Bxc6+ bxc6 10. 0-0 Nf6 11. Bg5 0-0 12. Nbd2 Re8 13. Qa4 Qd7 14. Bxf6 gxf6 15. Rad1 Kh8 16. Nh4 Ba7 17. Ndf3 Reb8 18. b3 Rb6 19. Nf5 Qe8 20. Rfe1 Qg8 21. Qc4 Qg4 22. Qxf7 Qg6 23. Qxc7 d5 24. N3h4 1-0

[Event "GER-chT U16"]
[Site "Naumburg"]
[Date "2012.12.29"]
[Round "6"]
[White "Schwerdtfeger, Lukas"]
[Black "Zoller, Philipp"]
[Result "1-0"]
[WhiteElo "1418"]
[BlackElo "1473"]
[PlyCount "93"]
[EventDate "2012.12.27"]
[EventType "team-swiss"]
[EventRounds "7"]
[EventCountry "GER"]
[SourceTitle "EXT 2014"]
[Source "ChessBase"]
[SourceDate "2013.11.20"]
[SourceVersion "1"]
[SourceVersionDate "2013.11.20"]
[SourceQuality "1"]
[WhiteTeam "Bochum SG"]
[BlackTeam "Unterkochen"]
[WhiteTeamCountry "GER"]
[BlackTeamCountry "GER"]

1. e4 e5 2. Nf3 Nc6 3. d4 exd4 4. Nxd4 Bc5 5. Be3 Qf6 6. c3 Nge7 7. Bc4 0-0 8. 0-0 Qe5 9. Qd3 Bb6 10. Na3 d6 11. Nac2 Be6 12. Nxe6 fxe6 13. Nd4 Nxd4 14. Bxd4 Bxd4 15. cxd4 Qf6 16. Rad1 d5 17. exd5 exd5 18. Bb3 Rac8 19. Qb5 Qc6 20. Qxc6 bxc6 21. Ba4 Rb8 22. Rd2 Rf6 23. Re1 Nf5 24. Rc1 Ne7 25. Rc5 Re6 26. Kf1 Kf7 27. b3 Ke8 28. Re2 Rxe2 29. Kxe2 Kd7 30. Ra5 Rb4 31. Kd3 Nf5 32. Rxd5+ Ke6 33. Bxc6 Rb6 34. Rc5 Ne7 35. Be4 h6 36. Rxc7 Ra6 37. a4 Rb6 38. Kc4 a6 39. Rb7 Rd6 40. a5 Kf7 41. Rb6 Rd8 42. Rxa6 Rc8+ 43. Kb5 Rc3 44. b4 Rc1 45. Ra8 Rd1 46. Rd8 Rd2 47. a6 1-0

[Event "Dortmund Sparkassen op-B"]
[Site "Dortmund"]
[Date "2012.07.21"]
[Round "8"]
[White "Taube, Benedikt"]
[Black "Schwerdtfeger, Lukas"]
[Result "1-0"]
[WhiteElo "1460"]
[BlackElo "1179"]
[PlyCount "47"]
[EventDate "2012.07.14"]
[EventType "swiss"]
[EventRounds "9"]
[EventCountry "GER"]
[SourceTitle "EXT 2014"]
[Source "ChessBase"]
[SourceDate "2013.11.20"]
[SourceVersion "1"]
[SourceVersionDate "2013.11.20"]
[SourceQuality "1"]

1. e4 e5 2. Nc3 Nf6 3. Bc4 Bc5 4. d3 h6 5. f4 d6 6. f5 Nc6 7. Nf3 Na5 8. Bb3 Nxb3 9. axb3 c6 10. Na4 Bb4+ 11. c3 Ba5 12. b4 Bb6 13. Nxb6 Qxb6 14. Qe2 Qc7 15. h3 0-0 16. g4 d5 17. g5 hxg5 18. Bxg5 Nh5 19. Nh4 Ng3 20. Qg4 Nxh1 21. Bf6 g6 22. Nxg6 Bxf5 23. Ne7+ Kh7 24. Qg7# 1-0

[Event "Dortmund op-B"]
[Site "Dortmund"]
[Date "2009.07.10"]
[Round "7"]
[White "Schwerdtfeger, Lukas"]
[Black "Kartsev, Nikolaj"]
[Result "1-0"]
[WhiteElo "968"]
[BlackElo "675"]
[PlyCount "33"]
[EventDate "2009.07.04"]
[EventType "swiss"]
[EventRounds "9"]
[EventCountry "GER"]
[SourceTitle "EXT 2012"]
[Source "ChessBase"]
[SourceDate "2011.11.24"]
[SourceVersion "1"]
[SourceVersionDate "2011.11.24"]
[SourceQuality "1"]

1. e4 d5 2. exd5 Nf6 3. Nf3 Nxd5 4. Bc4 e6 5. 0-0 Bd7 6. Re1 Nb6 7. Bb3 Qf6 8. a3 Bc6 9. Ne5 Bb5 10. d3 Bd6 11. Nf3 Bd7 12. Bd2 Qxb2 13. Bc3 Qxa1 14. Bxa1 0-0 15. d4 Nc6 16. c4 Rad8 17. c5 1-0